The Everything Gluten-Free Cookbook : (Record no. 603041)

MARC details
000 -LEADER
fixed length control field 00475nam a2200193 a 4500
008 - FIXED-LENGTH DATA ELEMENTS--GENERAL INFORMATION
fixed length control field 251217s2005##################000#0#eng##
020 ## - INTERNATIONAL STANDARD BOOK NUMBER
ISBN 9781593373948
082 04 - DEWEY DECIMAL CLASSIFICATION NUMBER
Classification number 641.5638
Item number MAR
100 1# - MAIN ENTRY--AUTHOR NAME
Personal name Maar, Nancy T,
245 10 - TITLE STATEMENT
Title The Everything Gluten-Free Cookbook :
260 ## - PUBLICATION, DISTRIBUTION, ETC. (IMPRINT)
Name of publisher Everything,
Year of publication 2005.
300 ## - PHYSICAL DESCRIPTION
Number of Pages 308 pages
650 #0 - SUBJECT ADDED ENTRY--TOPICAL TERM
Topical Term Cooking.
942 ## - ADDED ENTRY ELEMENTS (KOHA)
Koha item type English Books
Holdings
Withdrawn status Lost status Damaged status Not for loan Home library Current library Shelving location Date acquired Full call number Accession Number Price effective from Koha item type
        Anna Centenary Library Anna Centenary Library 6TH FLOOR, A WING 17.12.2025 641.5638 MAR 426082 17.12.2025 English Books

Find us on the map